|
|
|
|
| LEADER |
03021nam a2200685 a 4500 |
| 001 |
nkc20071783065 |
| 003 |
CZ PrNK |
| 005 |
20161024235015.0 |
| 007 |
ta |
| 008 |
071212s2007 xr ac f c 000 0dcze |
| 015 |
|
|
|a cnb001783065
|
| 020 |
|
|
|a 978-80-85053-67-8
|q (Galerie moderního umění ;
|q váz.)
|
| 035 |
|
|
|a (OCoLC)237065051
|
| 040 |
|
|
|a BOA001
|b cze
|d OLA001
|d ABA001
|
| 041 |
0 |
|
|a cze
|b eng
|b fre
|b ger
|
| 043 |
|
|
|a e-xr---
|
| 045 |
|
|
|a x4x8
|
| 072 |
|
7 |
|a 73
|x Sochařství, keramika, porcelán, umělecké zpracování kovů
|2 Konspekt
|9 21
|
| 080 |
|
|
|a 730(437.3)
|2 MRF
|
| 080 |
|
|
|a 730.036/.038
|2 MRF
|
| 080 |
|
|
|a 737.2
|2 MRF
|
| 080 |
|
|
|a (437.3)
|2 MRF
|
| 080 |
|
|
|a (048.8)
|2 MRF
|
| 080 |
|
|
|a (084.11)
|2 MRF
|
| 080 |
|
|
|a (083.824)
|2 MRF
|
| 100 |
1 |
|
|a Hlaváčková, Miroslava,
|d 1942-2020
|7 jn99240000291
|4 aut
|
| 245 |
1 |
0 |
|a Jiří Korec /
|c Miroslava Hlaváčková, Miroslav Kudrna
|
| 260 |
|
|
|a V Roudnici nad Labem :
|b Galerie moderního umění v Roudnici nad Labem,
|c 2007
|
| 300 |
|
|
|a 123 s. :
|b il. (převážně barev.), portréty ;
|c 31 cm
|
| 500 |
|
|
|a Vydáno ve spolupráci s Květoslavou Korcovou
|
| 500 |
|
|
|a V knize může být vložena příloha, obsahující seznam vystavených prací na výstavě v Galerii moderního umění v Roudnici nad Labem v r. 2007
|
| 500 |
|
|
|a Životopisná data, přehled výstav a zastoupení ve sbírkách
|
| 504 |
|
|
|a Obsahuje bibliografii
|
| 546 |
|
|
|a Anglické, francouzské a německé resumé
|
| 600 |
1 |
7 |
|a Korec, Jiří,
|d 1925-2004
|7 ola2003175279
|2 czenas
|
| 648 |
|
7 |
|a 20. století
|7 ch460558
|2 czenas
|
| 650 |
0 |
7 |
|a české sochařství
|7 ph128152
|y 20. století
|2 czenas
|
| 650 |
0 |
7 |
|a moderní sochařství
|7 ph122941
|z Česko
|2 czenas
|
| 650 |
0 |
7 |
|a medailérství
|7 ph122730
|z Česko
|y 20. století
|2 czenas
|
| 650 |
0 |
9 |
|a Czech sculpture
|y 20th century
|2 eczenas
|
| 650 |
0 |
9 |
|a modern sculpture
|z Czechia
|2 eczenas
|
| 650 |
0 |
9 |
|a medal-engraving
|z Czechia
|y 20th century
|2 eczenas
|
| 655 |
|
7 |
|a monografie
|7 fd132842
|2 czenas
|
| 655 |
|
7 |
|a obrazové publikace
|7 fd132947
|2 czenas
|
| 655 |
|
7 |
|a katalogy výstav
|7 fd132536
|2 czenas
|
| 655 |
|
9 |
|a monographs
|2 eczenas
|
| 655 |
|
9 |
|a pictorial works
|2 eczenas
|
| 655 |
|
9 |
|a exhibition catalogs
|2 eczenas
|
| 700 |
1 |
|
|a Korec, Jiří,
|d 1925-2004
|7 ola2003175279
|4 art
|
| 700 |
1 |
|
|a Kudrna, Miroslav,
|d 1935-2014
|7 mzk2003165694
|4 aut
|
| 700 |
1 |
|
|a Korcová, Květoslava,
|d 1941-
|7 xx0029961
|4 edt
|
| 710 |
2 |
|
|a Galerie moderního umění (Roudnice nad Labem, Česko)
|7 kn20010709267
|
| 856 |
4 |
1 |
|u http://www.digitalniknihovna.cz/mzk/uuid/uuid:81756db0-80c8-11e6-84e2-005056827e51
|y Digitalizovaný dokument
|x NDK
|
| 910 |
2 |
|
|a BOA001
|b 4-1190.903
|
| 928 |
9 |
|
|a Galerie moderního umění v Roudnici nad Labem
|
| 990 |
|
|
|a BK
|
| 995 |
|
|
|a 01
|
| 991 |
|
|
|b 200801
|c NOV
|
| 996 |
6 |
|
|b 2610327735
|c 4-1190.903
|l MZK
|r Sklad / do 1 hodiny
|n 1
|p p.v.
|w 000878842
|u 000010
|a 1
|e BOA001
|j MZK50
|s P
|
| 996 |
6 |
|
|b 2610327736
|c 4-1190.903
|l MZK
|r Sklad / do 1 hodiny
|n 0
|p p.v.
|w 000878842
|u 000020
|a 1
|e BOA001
|j MZK50
|s P
|